[Strieborná ekonomika - potenciál na Slovensku]

Recenzia na publikáciu, ktorá kvalitatívne analyzuje a zároveň kvantifikuje potenciál striebornej ekonomiky na Slovensku v medzinárodnom demografickom a ekonomickom kontexte.

Salvato in:
Dettagli Bibliografici
Autore principale: Gonda, Vladimír
Natura: Capitolo di libro
Lingua:slovacco
Soggetti:
Tags: Aggiungi Tag
Nessun Tag, puoi essere il primo ad aggiungerne!!

MARC

LEADER 00000naa a2200000 4500
001 0200750
005 20240502073408.4
041 0 |a slo 
044 |a SK 
245 1 0 |a [Strieborná ekonomika - potenciál na Slovensku]  |c Vladimír Gonda 
520 |a Recenzia na publikáciu, ktorá kvalitatívne analyzuje a zároveň kvantifikuje potenciál striebornej ekonomiky na Slovensku v medzinárodnom demografickom a ekonomickom kontexte. 
610 2 0 |a Slovensko 
610 2 0 |a recenzie 
610 2 0 |a starnutie populácie 
610 2 0 |a vývoj populačný 
610 2 0 |a ekonomika strieborná 
100 1 |a Gonda, Vladimír